[Event "SRB-chT 1st League"]
[Site "Bajina Basta"]
[Date "2019.09.15"]
[Round "4.6"]
[White "Pezelj, Novak"]
[Black "Ignjatovic, Predrag"]
[Result "1-0"]
[WhiteElo "2475"]
[BlackElo "2253"]
[PlyCount "62"]
[EventDate "2019.09.13"]
[EventType "team-tourn"]
[EventRounds "11"]
[EventCountry "SRB"]
[SourceTitle "CBM 195 Extra"]
[Source "ChessBase"]
[SourceDate "2020.05.31"]
[SourceVersion "1"]
[SourceVersionDate "2020.05.31"]
[SourceQuality "1"]
[WhiteTeam "Lucani Mladost"]
[BlackTeam "Sabac"]
[WhiteTeamCountry "SRB"]
[BlackTeamCountry "SRB"]

1. c4 e5 2. Nc3 Nc6 3. e3 g6 4. d4 d6 5. Nf3 Bg7 6. Be2 Bg4 7. 0-0 exd4 8. exd4 Nge7 9. h3 Bxf3 10. Bxf3 0-0 11. Bxc6 bxc6 12. Bg5 h6 13. Bxe7 Qxe7 14. Qf3 Bxd4 15. Qxc6 Bxc3 16. bxc3 Qe5 17. Qxc7 Qxc3 18. Qxd6 Qxc4 19. Rfc1 Qa4 20. Rc7 a5 21. Qc5 Rab8 22. a3 Rb3 23. Qc1 Qd4 24. Rc4 Qf6 25. Ra2 Rfb8 26. Qxh6 Rb1+ 27. Kh2 Qe5+ 28. Qf4 Qe1 29. Rac2 Qg1+ 30. Kg3 R1b3+ 31. R4c3 Qa1 1-0

[Event "SRB-chT Central"]
[Site "Kragujevac"]
[Date "2018.09.18"]
[Round "6.5"]
[White "Ignjatovic, Predrag"]
[Black "Dimitrijevic, Nenad"]
[Result "1-0"]
[WhiteElo "2246"]
[BlackElo "2216"]
[PlyCount "43"]
[EventDate "2018.09.14"]
[EventType "team-tourn"]
[EventRounds "11"]
[EventCountry "SRB"]
[SourceTitle "CBM 186 Extra"]
[Source "ChessBase"]
[SourceDate "2018.08.24"]
[SourceVersion "1"]
[SourceVersionDate "2018.08.24"]
[SourceQuality "1"]
[WhiteTeam "Sabac"]
[BlackTeam "Paracin"]
[WhiteTeamCountry "SRB"]
[BlackTeamCountry "SRB"]

1. e4 d5 2. exd5 Qxd5 3. Nc3 Qa5 4. d4 Nf6 5. Bd3 c6 6. Nge2 Bf5 7. b4 Qxb4 8. Bxf5 e6 9. Bd3 Qa5 10. 0-0 Nbd7 11. Ne4 Nxe4 12. Bxe4 Nf6 13. Bf3 0-0-0 14. c4 h6 15. Bd2 Qf5 16. Qa4 Bd6 17. Qxa7 Bb8 18. Qa8 e5 19. Rab1 Qd7 20. dxe5 Qc7 21. Bf4 g5 22. Bg3 1-0

[Event "SRB-chT Central"]
[Site "Kragujevac"]
[Date "2013.09.14"]
[Round "1.3"]
[White "Ignjatovic, Predrag"]
[Black "Sandic, Vladeta"]
[Result "1/2-1/2"]
[WhiteElo "2290"]
[BlackElo "2326"]
[PlyCount "32"]
[EventDate "2013.09.14"]
[EventType "team-tourn"]
[EventRounds "11"]
[EventCountry "SRB"]
[SourceTitle "CBM 156 Extra"]
[Source "ChessBase"]
[SourceDate "2013.10.22"]
[SourceVersion "1"]
[SourceVersionDate "2013.10.22"]
[SourceQuality "1"]
[WhiteTeam "Vladimirci"]
[BlackTeam "Ub"]
[WhiteTeamCountry "SRB"]
[BlackTeamCountry "SRB"]

1. e4 d5 2. exd5 Nf6 3. d4 Nxd5 4. c4 Nb6 5. Nc3 e5 6. Qe2 Qxd4 7. Nf3 Qg4 8. Nxe5 Qxe2+ 9. Bxe2 Be6 10. b3 c6 11. Bb2 Be7 12. 0-0-0 0-0 13. f4 Na6 14. g4 Rad8 15. f5 Bc8 16. a3 Nc5 1/2-1/2

[Event "SRB-chT"]
[Site "Vrnjacka Banja"]
[Date "2012.10.01"]
[Round "4.5"]
[White "Mladenovic, Stefan"]
[Black "Ignjatovic, Predrag"]
[Result "1-0"]
[WhiteElo "2264"]
[BlackElo "2294"]
[PlyCount "71"]
[EventDate "2012.09.29"]
[EventType "team-tourn"]
[EventRounds "11"]
[EventCountry "SRB"]
[SourceTitle "CBM 150 Extra"]
[Source "ChessBase"]
[SourceDate "2012.10.19"]
[SourceVersion "1"]
[SourceVersionDate "2012.10.19"]
[SourceQuality "1"]
[WhiteTeam "Paracin"]
[BlackTeam "Vladimirci"]
[WhiteTeamCountry "SRB"]
[BlackTeamCountry "SRB"]

1. d4 Nf6 2. c4 e6 3. Nf3 b6 4. g3 Bb7 5. Bg2 Bb4+ 6. Bd2 Bxd2+ 7. Qxd2 d6 8. Nc3 Qe7 9. 0-0 Nbd7 10. d5 e5 11. Nh4 g6 12. f4 exf4 13. Qxf4 Nh5 14. Qd4 0-0 15. Nd1 Rae8 16. Nf2 Qe3 17. Nf3 Qxd4 18. Nxd4 Nhf6 19. Nd3 Kg7 20. b4 Ng4 21. Bh3 Nde5 22. Nxe5 Nxe5 23. Rfc1 Re7 24. a4 a5 25. bxa5 bxa5 26. Nb3 Ra8 27. Rab1 c6 28. c5 cxd5 29. cxd6 Ree8 30. d7 Red8 31. Nxa5 Rxa5 32. Rxb7 Kf6 33. Rc8 Ra8 34. Rbc7 Nxd7 35. Rxa8 Rxa8 36. Bxd7 1-0

[Event "SRB-chT2 West"]
[Site "Valjevo"]
[Date "2010.10.03"]
[Round "4"]
[White "Vasic, Vladimir"]
[Black "Ignjatovic, Predrag"]
[Result "0-1"]
[WhiteElo "2177"]
[BlackElo "2271"]
[PlyCount "80"]
[EventDate "2010.09.12"]
[EventType "team-tourn"]
[EventRounds "9"]
[EventCountry "YUG"]
[SourceTitle "EXT 2011"]
[Source "ChessBase"]
[SourceDate "2010.11.26"]
[SourceVersion "1"]
[SourceVersionDate "2010.11.26"]
[SourceQuality "1"]

1. e4 e5 2. Nf3 Nc6 3. Bb5 a6 4. Bxc6 dxc6 5. d4 exd4 6. Qxd4 Qxd4 7. Nxd4 Bd6 8. Nc3 Ne7 9. Be3 Bd7 10. 0-0-0 0-0-0 11. Nb3 Ng6 12. Nc5 Rhe8 13. Nxd7 Rxd7 14. f3 f6 15. g3 Ne5 16. Rhf1 Nc4 17. Bg1 Red8 18. Rd3 Bb4 19. Rxd7 Rxd7 20. Nb1 h5 21. c3 Be7 22. b3 Ne5 23. Bd4 Nf7 24. Kc2 Rd8 25. Nd2 b5 26. f4 Bd6 27. Nf3 c5 28. Bg1 Re8 29. Re1 Kd7 30. Nd2 h4 31. Bf2 hxg3 32. hxg3 g5 33. Be3 Rh8 34. e5 gxf4 35. gxf4 fxe5 36. fxe5 Nxe5 37. Bxc5 Rh2 38. Be3 Ng4 39. Kd3 Ke6 40. Re2 Ne5+ 0-1

[Event "SRB-chT3 North"]
[Site "Serbia"]
[Date "2008.10.25"]
[Round "9.2"]
[White "Ignjatovic, Predrag"]
[Black "Jovanovic, Bojan P"]
[Result "1-0"]
[WhiteElo "2254"]
[BlackElo "1894"]
[PlyCount "75"]
[EventDate "2008.09.14"]
[EventType "team"]
[EventRounds "11"]
[EventCountry "SRB"]
[SourceTitle "EXT 2012"]
[Source "ChessBase"]
[SourceDate "2011.11.24"]
[SourceVersion "1"]
[SourceVersionDate "2011.11.24"]
[SourceQuality "1"]

1. e4 e6 2. d4 d5 3. Nd2 Nf6 4. e5 Nfd7 5. Bd3 c5 6. c3 Nc6 7. Ne2 cxd4 8. cxd4 f6 9. exf6 Nxf6 10. 0-0 Bd6 11. Nf3 Qc7 12. Nc3 a6 13. Bg5 0-0 14. Rc1 Nh5 15. Re1 Nf4 16. Bb1 Bd7 17. Bh4 Rae8 18. Bg3 Qd8 19. Ne5 Nxe5 20. dxe5 Be7 21. Qg4 Bg5 22. h4 Bh6 23. Rcd1 Qe7 24. Rd4 Qf7 25. Re3 Rc8 26. Bxf4 Qxf4 27. Rxf4 Rxf4 28. Qd1 Be8 29. g3 Rb4 30. Re1 Rxb2 31. Nxd5 Rc1 32. Nf6+ gxf6 33. Qg4+ Kf8 34. Rxc1 Bxc1 35. exf6 Bh6 36. Bxh7 Bf7 37. Qd4 Rd2 38. Qc5+ 1-0